[Event "PER-ch U20"]
[Site "Lima"]
[Date "2016.04.22"]
[Round "6"]
[White "Cosme Contreras, Trilce"]
[Black "Arevalo Salazar, Diego"]
[Result "1-0"]
[WhiteElo "1771"]
[BlackElo "1275"]
[PlyCount "50"]
[EventDate "2016.04.20"]
[EventType "swiss"]
[EventRounds "9"]
[EventCountry "PER"]
[SourceTitle "CBM 172 Extra"]
[Source "ChessBase"]
[SourceDate "2016.06.21"]
[SourceVersion "1"]
[SourceVersionDate "2016.06.21"]
[SourceQuality "1"]

1. c4 Nf6 2. Nc3 g6 3. g3 Bg7 4. Bg2 c5 5. d3 0-0 6. Rb1 d6 7. e4 Nc6 8. Nge2 Nd7 9. 0-0 Nd4 10. Nxd4 Bxd4 11. Ne2 Bg7 12. d4 Qc7 13. b3 a6 14. Be3 b5 15. Nc3 Qa7 16. e5 Bb7 17. Nd5 Kh8 18. dxc5 Nxc5 19. b4 e6 20. bxc5 exd5 21. c6 Qb8 22. cxb7 Qxb7 23. Bxd5 Qc7 24. exd6 Qxd6 25. Bxa8 Rxa8 1-0

[Event "PER-ch U20"]
[Site "Lima"]
[Date "2016.04.21"]
[Round "3"]
[White "Arevalo Salazar, Diego"]
[Black "Risco Alarcon, Julio"]
[Result "0-1"]
[WhiteElo "1275"]
[BlackElo "1921"]
[PlyCount "31"]
[EventDate "2016.04.20"]
[EventType "swiss"]
[EventRounds "9"]
[EventCountry "PER"]
[SourceTitle "CBM 172 Extra"]
[Source "ChessBase"]
[SourceDate "2016.06.21"]
[SourceVersion "1"]
[SourceVersionDate "2016.06.21"]
[SourceQuality "1"]

1. e4 e6 2. Nf3 d5 3. e5 c5 4. c3 Nc6 5. d4 Qb6 6. Qa4 Bd7 7. Qd1 Rc8 8. b3 cxd4 9. cxd4 Nxd4 10. Nxd4 Bb4+ 11. Ke2 f6 12. f4 fxe5 13. fxe5 Ne7 14. Kf2 0-0+ 15. Kg1 Rxc1 16. Qd3 0-1